Samočinné počítače : Programovanie

Guardado en:
Detalles Bibliográficos
Formato: Libro
Lenguaje:eslovaco
Publicado: Bratislava : SVŠT v Bratislave, 1973
Etiquetas: Agregar Etiqueta
Sin Etiquetas, Sea el primero en etiquetar este registro!

MARC

LEADER 00000nam a22000003a 4500
001 stu33556
005 20141122060819.8
008 981103s1973------------------------slo-d
040 |a STU  |b slo 
041 0 |a slo 
245 |a Samočinné počítače :  |b Programovanie 
260 |a Bratislava :  |b SVŠT v Bratislave,  |c 1973 
300 |a 110 s 
996 |b E30038  |c E*30038  |l EE01  |s A  |a 24  |w stu33556_0001